MARC details
| 000 -CABECERA |
| campo de control de longitud fija |
00871nam a2200241 u 4500 |
| 005 - FECHA Y HORA DE LA ÚLTIMA TRANSACCIÓN |
| campo de control |
20230527063559.0 |
| 008 - ELEMENTOS DE LONGITUD FIJA--INFORMACIÓN GENERAL |
| campo de control de longitud fija |
140925s1997 es r 000 0 spa d |
| 020 ## - NÚMERO INTERNACIONAL NORMALIZADO PARA LIBROS |
| Número Internacional Estándar del Libro |
8449304601 |
| 035 ## - NÚMERO DE CONTROL DEL SISTEMA |
| Número de control de sistema |
UPN01000199793 |
| 049 ## - COLECCIÓN |
| Colección |
CG |
| 050 #4 - SIGNATURA TOPOGRÁFICA DE LA BIBLIOTECA DEL CONGRESO |
| Número de clasificación |
BF724.3 |
| Número de documento/Ítem |
G4.38a |
| 100 1# - ASIENTO PRINCIPAL--NOMBRE PERSONAL |
| Nombre de persona |
Gesell, Arnold Lucius, |
| Fechas asociadas al nombre |
1880-1961 |
| 9 (RLIN) |
28379 |
| 245 13 - MENCIÓN DE TÍTULO |
| Título |
El adolescente de diez a dieciseis años / |
| Mención de responsabilidad, etc. |
Arnold Gesell, Frances L. Ilg, Louise Bates Ames ; tr. Eduardo Loedel. |
| 260 ## - PUBLICACIÓN, DISTRIBUCIÓN, ETC. |
| Lugar de publicación, distribución, etc. |
Barcelona, Esp. : |
| Nombre del editor, distribuidor, etc. |
Paidós, |
| Fecha de publicación, distribución, etc. |
1997. |
| 300 ## - DESCRIPCIÓN FÍSICA |
| Extensión |
1382 p. |
| 440 #0 - MENCIÓN DE SERIE/ASIENTO SECUNDARIO--TÍTULO |
| Título |
Psicología, psiquiatría, psicoterapia ; |
| Designación de volumen o secuencia |
174 |
| 534 ## - NOTA SOBRE LA VERSIÓN ORIGINAL |
| Frase introductoria |
Título original: |
| Mención de título del original |
Youth : the years from ten to sixteen |
| 650 #4 - ASIENTO SECUNDARIO DE MATERIA - TERMINO TEMATICO |
| Término de materia o nombre geográfico como elemento de entrada |
Psicología del adolescente |
| 9 (RLIN) |
1013 |
| 700 1# - ASIENTO SECUNDARIO--NOMBRE DE PERSONAL |
| Nombre de persona |
Ilg, Frances Lillian, |
| Fechas asociadas al nombre |
1902-1981 |
| Término indicativo de función/relación |
coaut. |
| 9 (RLIN) |
28559 |
| 700 1# - ASIENTO SECUNDARIO--NOMBRE DE PERSONAL |
| Nombre de persona |
Ames, Louise Bates, |
| Fechas asociadas al nombre |
1908-1996 |
| Término indicativo de función/relación |
coaut. |
| 9 (RLIN) |
28718 |
| 905 ## - TIPO DE MATERIAL |
| Tipo de material |
Libro |